[Event "gorzyce wielkie"]
[Site "?"]
[Date "2020.02.08"]
[Round "11.10"]
[White "Drozdzynski, Arkadiusz"]
[Black "Hemmerling, Jaroslaw"]
[Result "0-1"]
[BlackElo "1615"]
[WhiteElo "1649"]
[LiveChessVersion "1.4.8"]

1. e4 e6 {[%clk 0:03:02]} 2. d4 {[%clk 0:03:03]} d5 {[%clk 0:03:03]} 3. Nc3
{[%clk 0:03:03]} Bb4 {[%clk 0:03:04]} 4. e5 {[%clk 0:03:04]} c5 {[%clk 0:03:05]}
5. Bd2 {[%clk 0:03:05]} Ne7 {[%clk 0:03:05]} 6. f4 {[%clk 0:03:03]} cxd4
{[%clk 0:03:00]} 7. Nb5 {[%clk 0:03:04]} Bxd2+ {[%clk 0:02:24]} 8. Qxd2
{[%clk 0:03:05]} O-O {[%clk 0:02:24]} 9. Nf3 {[%clk 0:03:06]} Nbc6
{[%clk 0:02:24]} 10. Nbxd4 {[%clk 0:03:07]} Nxd4 {[%clk 0:02:13]} 11. Nxd4
{[%clk 0:03:07]} Qb6 {[%clk 0:02:09]} 12. c3 {[%clk 0:03:06]} Bd7
{[%clk 0:02:06]} 13. Bd3 {[%clk 0:02:59]} Nc6 {[%clk 0:01:45]} 14. Nb5
{[%clk 0:02:48]} a6 {[%clk 0:01:39]} 15. Nd6 {[%clk 0:02:49]} f6 {[%clk 0:01:36]}
16. O-O-O {[%clk 0:02:03]} fxe5 {[%clk 0:01:36]} 17. fxe5 {[%clk 0:02:04]} Nxe5
{[%clk 0:01:37]} 18. Nxb7 {[%clk 0:01:26]} Nxd3+ {[%clk 0:01:30]} 19. Qxd3
{[%clk 0:01:27]} Qxb7 {[%clk 0:01:32]} 20. Rhe1 {[%clk 0:01:15]} Rf2
{[%clk 0:01:25]} 21. b3 {[%clk 0:01:06]} Rc8 {[%clk 0:01:25]} 22. Rd2
{[%clk 0:00:47]} Rxd2 {[%clk 0:01:16]} 23. Qxd2 {[%clk 0:00:37]} Rf8
{[%clk 0:00:47]} 24. Qd4 {[%clk 0:00:33]} Qc7 {[%clk 0:00:42]} 25. g3
{[%clk 0:00:29]} Qd8 {[%clk 0:00:32]} 26. Kb2 {[%clk 0:00:19]} Qf6
{[%clk 0:00:30]} 27. Re5 {[%clk 0:00:05]} Qf2+ {[%clk 0:00:27]} 28. Ka3
{[%clk 0:00:06]} Qxd4 {[%clk 0:00:21]} 29. cxd4 {[%clk 0:00:07]} Rf2
{[%clk 0:00:22]} 30. h4 {[%clk 0:00:07]} Kf7 {[%clk 0:00:20]} 31. Re3
{[%clk 0:00:07]} Bb5 {[%clk 0:00:16]} 32. Rc3 {[%clk 0:00:06]} Kf6
{[%clk 0:00:10]} 33. Kb4 {[%clk 0:00:07]} Rxa2 {[%clk 0:00:10]} 34. g4
{[%clk 0:00:08]} Rh2 {[%clk 0:00:10]} 35. Rf3+ {[%clk 0:00:09]} Ke7
{[%clk 0:00:11]} 36. h5 {[%clk 0:00:09]} Rg2 {[%clk 0:00:11]} 37. Rf4
{[%clk 0:00:10]} Rg3 {[%clk 0:00:08]} 38. Ka3 {[%clk 0:00:09]} a5
{[%clk 0:00:08]} 39. Kb2 {[%clk 0:00:10]} Rg2+ {[%clk 0:00:07]} 40. Kc3
{[%clk 0:00:11]} Bd7 {[%clk 0:00:08]} 41. b4 {[%clk 0:00:12]} axb4+ 42. Kxb4
{[%clk 0:00:12]} e5 {[%clk 0:00:10]} 43. dxe5 {[%clk 0:00:12]} Rxg4
{[%clk 0:00:12]} 44. Rxg4 {[%clk 0:00:12]} Bxg4 {[%clk 0:00:13]} 45. Kc5
{[%clk 0:00:13]} Ke6 {[%clk 0:00:14]} 46. h6 {[%clk 0:00:15]} gxh6
{[%clk 0:00:15]} 47. Kd4 {[%clk 0:00:16]} h5 {[%clk 0:00:15]} 48. Ke3
{[%clk 0:00:17]} Kxe5 {[%clk 0:00:16]} 49. Kf2 {[%clk 0:00:19]} d4
{[%clk 0:00:16]} 50. Kg3 {[%clk 0:00:20]} d3 {[%clk 0:00:17]} 51. Kf2
{[%clk 0:00:21]} h4 {[%clk 0:00:18]} 52. Ke3 {[%clk 0:00:22]} h3 {[%clk 0:00:19]}
53. Kxd3 {[%clk 0:00:23]} h2 {[%clk 0:00:20]} 54. Ke3 {[%clk 0:00:24]} h1=Q
{[%clk 0:00:21]} 55. Kf2 {[%clk 0:00:25]} Qf3+ {[%clk 0:00:21]} 56. Kg1
{[%clk 0:00:26]} Qe3+ {[%clk 0:00:21]} 57. Kg2 {[%clk 0:00:27]} Bf3+
{[%clk 0:00:21]} 58. Kg3 {[%clk 0:00:28]} Bd1+ {[%clk 0:00:22]} 59. Kh4
{[%clk 0:00:29]} Qg1 {[%clk 0:00:20]} 60. Kh3 {[%clk 0:00:29]} Qg4+
{[%clk 0:00:20]} 61. Kh2 {[%clk 0:00:30]} Kf4 {[%clk 0:00:17]} 62. Kh1
{[%clk 0:00:31]} Bf3+ {[%clk 0:00:18]} 63. Kh2 {[%clk 0:00:31]} Qg2# 0-1